000 01035cam a22002654a 4500
999 _c21341
_d21341
001 14687749
003 OSt
005 20170121113221.0
008 070108s2008 cau 000 0 eng
010 _a 2007000042
020 _a9780830743964 (hard cover)
020 _a9780830743865 (international trade paper)
040 _aDLC
_cDLC
_dDLC
050 0 0 _aBV4596.B8
_bH44 2008
082 0 0 _a269/.2
_222
100 1 _aHeeren, Rick.
245 1 0 _aMarketplace miracles /
_cRick Heeren.
260 _aVentura, Calif. :
_bRegal Books,
_cc2008.
300 _a237p. ;
_c22 cm.
650 0 _aBusinesspeople
_xReligious life.
650 0 _aEvangelistic work.
650 0 _aMiracles.
856 4 1 _3Table of contents only
_uhttp://www.loc.gov/catdir/toc/fy0803/2007000042.html
906 _a7
_bcbc
_corignew
_d1
_eecip
_f20
_gy-gencatlg
942 _2lcc
_cBOOKS
_hBV 4596 .B8H44 2007